000 00587nam a2200229Ia 4500
003 OSt
005 20220924143158.0
006 a|||||r|||| 00| 0
007 ta
008 220923b |||||||| |||| 00| 0 ori d
024 _a307064
037 _cTextual
040 _aARTS
_cARTS
_bORI
041 _2ORI
_aORI
082 _aO1591,2:g, L5
100 _aJena Murari Mohan
_9214985
245 0 _aKavi Guru Upendra Bhanja
260 _c1975
650 _aORIYA LITERATURE
_927692
942 _hO1591,2:g, L5
_cTEXL
_2CC
999 _c453488
_d453488